| 000 | 00813nam a2200277 a 4500 | ||
|---|---|---|---|
| 001 | 000011766 | ||
| 005 | 20200929162545.0 | ||
| 008 | 800508s1980 sp b 000 0 spa d | ||
| 010 | _a80116915 | ||
| 020 | _a8437602173 | ||
| 035 | _a(OCoLC)7819152 | ||
| 040 |
_aDO-SdBNP _cDLC _dDLC |
||
| 042 | _alccopycat | ||
| 082 |
_a415 _bL953s |
||
| 100 | 1 |
_aLuján, Marta. _927828 |
|
| 245 | 1 | 0 |
_aSintaxis y semántica del adjetivo / _cMarta Luján. |
| 260 |
_aMadrid : _bCátedra, _c1980. |
||
| 300 |
_a248 p. ; _c22 cm. |
||
| 440 | 0 |
_aGramática generativa transformacional del español _927829 |
|
| 504 | _aBibliography: p. 245-248. | ||
| 650 | 4 |
_aEspañol _xAdjetivo. _927830 |
|
| 650 | 4 |
_aEspañol _xSintaxis _91364 |
|
| 650 | 4 |
_aSemántica _927831 |
|
| 910 | _aCatalogación por copia / LC | ||
| 049 | _aBNGR | ||
| 999 |
_c11440 _d11440 |
||